Statistiques concernant Culture Générale - Série 310

Cliquez ici pour prendre le quiz!

Statistiques générales

  • Ce quiz a été pris 94 fois
  • Le résultat moyen est 7 sur 10

Statistiques - réponses

QuestionRéponse% Correct
Combien de diagonales un carré possède-t-il ?2
98%
Entre 7 et 27, combien de nombres entiers sont des multiples de 6 ?3
92%
En quelle année a été supprimée la peine de mort du code pénal français ?1981
89%
Quelle ville de France surnomme-t-on la cité des Papes ?Avignon
87%
Quelle personnalité préside depuis 1990 l'opération Pièces jaunes ?Bernadette Chirac
79%
Quel roi de France voulait que l'on puisse manger de la poule au pot tous les dimanches ?Henri IV
78%
Quelle est la nationalité de Maureen Dor ?Belge
64%
Selon le proverbe, où passe-t-on Pâques si on a passé Noël au balcon ?Au tison
48%
A quel peintre doit-on la toile "Le Déjeuner des canotiers" en 1881 ?Auguste Renoir
48%
A qui Pascal Danel veut-il laisser la plage dans sa chanson de 1966 ?Aux romantiques
28%

Distribution des résultats

Percentile par nombre de réponses

% des personnes avec chaque résultat

Votre développement - résultats

Vous n’avez pas pris ce quiz